000 00492nam a2200181 a 4500
001 000017628
005 20240412074248.0
008 100329s1986 dr 000 p spa d
040 _aDO-SdBNP
_bspa
_cBNPHU
082 _aRD861.44
_bA369a
100 1 _aAlera, Julio
_938437
245 1 0 _aAmor ausente /
_cJulio Alera.
260 _aSanto Domingo :
_bTaller,
_c1986.
300 _a30 p. ;
_c21 cm.
650 0 _aPoesía dominicana
_966
650 0 _aLiteratura dominicana.
_967
049 _aBNPD
999 _c17153
_d17153